Исследование рабочего процесса пневматических бурильных молотков; Горные машины; № 1

Bibliographic Details
Parent link:Горные машины
№ 1.— 1958.— С. 114-121
Main Author: Алимов О. Д.
Other Authors: Горбунов В. Ф., Кошевой В. Х.
Language:Russian
Published: 1958
Subjects:
Format: Book Chapter
KOHA link:https://koha.lib.tpu.ru/cgi-bin/koha/opac-detail.pl?biblionumber=593025

MARC

LEADER 00000naa0a2200000 4500
001 593025
005 20241228120723.0
035 |a (RuTPU)RU\TPU\tpu\5834 
090 |a 593025 
100 |a 20011210d1958 k||y0rusy50 ca 
101 0 |a rus 
102 |a RU 
200 1 |a Исследование рабочего процесса пневматических бурильных молотков  |f О. Д. Алимов, В. Ф. Горбунов, В. Х. Кошевой 
461 |t Горные машины 
463 |t № 1  |v С. 114-121  |d 1958 
610 1 |a горное дело 
610 1 |a труды учёных ТПУ 
700 1 |a Алимов  |b О. Д. 
701 1 |a Горбунов  |b В. Ф. 
701 1 |a Кошевой  |b В. Х. 
801 0 |a RU  |b 63413507  |c 20011210  |g PSBO 
801 2 |a RU  |b 63413507  |c 20080918  |g PSBO 
942 |c CR